A study in business ethics (Record no. 2753)

MARC details
000 -LEADER
fixed length control field 00395nam a22001697a 4500
005 - DATE AND TIME OF LATEST TRANSACTION
control field 20180221160203.0
008 - FIXED-LENGTH DATA ELEMENTS--GENERAL INFORMATION
fixed length control field 160615b xxu||||| |||| 00| 0 eng d
020 ## - INTERNATIONAL STANDARD BOOK NUMBER
ISBN 978-81-8488-441-8
041 ## - LANGUAGE CODE
Language code of text/sound track or separate title eng
082 ## - DEWEY DECIMAL CLASSIFICATION NUMBER
Item number 7707
Classification number 174.4
100 ## - MAIN ENTRY--AUTHOR NAME
Personal name Raj, Ritu Parna
245 ## - TITLE STATEMENT
Title A study in business ethics
260 ## - PUBLICATION, DISTRIBUTION, ETC. (IMPRINT)
Name of publisher HPH
Year of publication 2009
300 ## - PHYSICAL DESCRIPTION
Number of Pages 166
650 ## - SUBJECT ADDED ENTRY--TOPICAL TERM
Topical Term Management
942 ## - ADDED ENTRY ELEMENTS (KOHA)
Koha item type Books
Holdings
Lost status Damaged status Collection code Home library Current library Shelving location Date acquired Cost, normal purchase price Full call number Accession Number Koha item type
    Reference JRU Library   SHELF-28-A 15/06/2016 195.00 174.4 7707 Books
    MANAGEMENT JRU Library JRU Library SHELF-62 -H 15/06/2016 195.00 174.4 7708 Books